LIBRARY & INFORMATION CENTRE, KCAET, TAVANUR

ONLINE PUBLIC ACCESS CATALOGUE (OPAC)

Hydraulic systems and equipment (Record no. 1561)

MARC details
000 -LEADER
fixed length control field 00367cam a2200157ua 4500
082 ## - DEWEY DECIMAL CLASSIFICATION NUMBER
Classification number 621.2
Item number HAD/HY
100 ## - MAIN ENTRY--AUTHOR NAME
Personal name Hadekel, R .
245 ## - TITLE STATEMENT
Title Hydraulic systems and equipment
260 ## - PUBLICATION, DISTRIBUTION, ETC. (IMPRINT)
Place of publication Cambridge :
Name of publisher Cambridge University Press ,
Year of publication 1981.
300 ## - PHYSICAL DESCRIPTION
Number of Pages ; .
942 ## - ADDED ENTRY ELEMENTS (KOHA)
Koha item type Books
Holdings
Withdrawn status Lost status Damaged status Home library Current library Date acquired Full call number Accession Number Koha item type
      KAUAET KAUAET 07/04/2012 621.2 3923 Books
free website counter